Právo a manažment v zdravotníctve
Uložené v:
| Médium: | Seriál |
|---|---|
| Jazyk: | Slovak |
| Vydavateľské údaje: |
Bratislava
Wolters Kluwer SR
2025
|
| Tagy: |
Žiadne tagy, Buďte prvý, kto otaguje tento záznam!
|
MARC
| LEADER | 00000nas2a2200000 4500 | ||
|---|---|---|---|
| 001 | 0307934 | ||
| 005 | 20250401130820.4 | ||
| 022 | |a 1338-2071 | ||
| 041 | 0 | |a slo | |
| 044 | |a SK | ||
| 245 | 1 | 0 | |a Právo a manažment v zdravotníctve |
| 264 | 1 | |a Bratislava |b Wolters Kluwer SR |c 2025 | |
| 773 | 0 | |w eu_un_cat*0306824 | |